Základy poľnohospodárskej výroby : učebný text pre 2. ročník stredných odborných učilíšť, učebný odbor 45-72-2 poľnohospodárska výroba /

Main Author: Krištín, Ján
Other Authors: Varga, Stanislav
Language: Slovak
Published: Bratislava : Príroda, 1983
Edition: 1.vyd.
Series: Knižnica poľnohospodára (Príroda)
Physical Description: 395 s.
Book
Saved in:
LEADER 00957nam a2200253 a 4500
001 000542084
003 CZ BrMZK
005 20150120135646.0
007 ta
008 000105s1983 xo f slo d
040 |a BOA001  |b cze 
080 9 |a 631(075.3)  |2 MRF 
100 1 |a Krištín, Ján  |7 jx20040604004  |4 aut 
245 1 0 |a Základy poľnohospodárskej výroby :  |b učebný text pre 2. ročník stredných odborných učilíšť, učebný odbor 45-72-2 poľnohospodárska výroba /  |c Ján Krištín, Stanislav Varga 
250 |a 1.vyd. 
260 |a Bratislava :  |b Príroda,  |c 1983 
300 |a 395 s. 
490 1 |a Knižnica poľnohospodára 
700 1 |a Varga, Stanislav  |7 jx20040727052  |4 aut 
830 0 |a Knižnica poľnohospodára (Príroda) 
910 |a BOA001  |b 2-0859.466 
964 |a Výroba zemědělská - učebnice školy učňovské 
990 |a BK 
996 7 |b 2619366414  |c 2-0859.466  |l MZK  |r Sklad / do 1 hodiny  |n 0  |w 000542084  |u 000010  |a 1  |e BOA001  |j MZK50  |s A